000 01001nam a2200301Ia 4500
001 Para_1340
003 CHAP
008 220125s1998 xx 000 0 und d
010 _a200048
040 _cCHAP
090 _aPA TESIS 1281
100 _aVivanco Vázquez, Felipe
_9120084
245 _aRespuesta de hortalizas y malezas en almácigo a la aplicación de preemergencia de extractos vegetales /
_c por Felipe Vivanco Vázquez
260 _aChapingo, Méx. :
_b El autor
300 _a59 h.
502 _aTesis (Ing. Agr. Esp. en Parasitología Agrícola), UACh. Depto. Parasitología
650 _aAlelopatía
_93761
650 _aMalas hierbas
_x competencia
_970009
650 _aPlantas
_x competencia
_988798
710 _aUACh. Departamento de Parasitología Agrícola
_9115877
901 _aPA TESIS 1281
902 _aA
905 _a0000001998 i 0000000000 00
910 _a1998
942 _cPARA
942 _cPARA
_d1
999 _c200048
_d200048